| 000 | 00359nam a2200145Ia 4500 | ||
|---|---|---|---|
| 005 | 20251222144817.0 | ||
| 008 | 251222s9999||||xx |||||||||||||| ||spa|| | ||
| 020 | _a9972-45-082-4 | ||
| 082 | _a658.404/G43 | ||
| 100 | _aGibellini, Renato | ||
| 245 | 0 | _aProyectos, Producción y Logística: | |
| 250 | _a4a. ed. | ||
| 264 | _bUniversidad de | ||
| 942 | _cLIB | ||
| 999 |
_c20329 _d20329 |
||